Most Populous Urban Settlements in Spain - Statistics

General Stats
  • This quiz has been taken 25 times
  • The average score is 11 of 15
Answer Stats
Population City % Correct
1.621m Barcelona
100%
3.255m Madrid
100%
0.703m Sevilla
95%
0.814m Valencia
95%
0.354m Bilbao
90%
0.328m Cordoba
81%
0.568m Malaga
71%
0.436m Murcia
71%
0.674m Zaragoza
71%
0.334m Alicante
67%
0.401m Palma
67%
0.317m Valladolid
67%
0.297m Vigo
67%
0.277m Gijon
52%
0.381m Las Palmas de Gran Canaria
14%
No matching quizzes found
Score Distribution
Percent of People with Each Score
Percentile by Number Answered
Your Score History
You have not taken this quiz